|
|
|
|
| LEADER |
00000nkm a2200000 a 4500 |
| 001 |
vtls011925717 |
| 003 |
SK-MaSNL |
| 005 |
20260512122013.0 |
| 007 |
kp bo |
| 008 |
240131s1958 xo g kuslo |
| 015 |
|
|
|a SNBG1958
|
| 035 |
|
|
|a urn:nbn:sk:snk-km00eao8
|
| 035 |
|
|
|a urn:nbn:sk:snk-km43ghz
|
| 035 |
|
|
|a 76F83091-3365-4895-BABE-927D29D29ECB
|
| 040 |
|
|
|a SNK
|b slo
|c SNK
|e AACR2
|
| 041 |
0 |
|
|a slo
|
| 043 |
|
|
|a e-xo---
|
| 044 |
|
|
|a xo
|c SK
|
| 072 |
|
7 |
|a 391
|x Odev, móda, ozdoby
|2 konspekt
|
| 080 |
|
|
|a 908(437.6)
|2 2011
|
| 080 |
|
|
|a 391
|2 2011
|
| 080 |
|
|
|a (084.121)
|2 2011
|
| 080 |
|
|
|a 556.524
|2 2011
|
| 245 |
0 |
0 |
|a Belanské Tatry - kroje zo Ždiaru
|h grafika
|
| 246 |
3 |
3 |
|a Belianske Tatry - kroje zo Ždiaru
|
| 260 |
|
|
|a Martin
|b Osveta, n. p.
|a Bratislava
|b PŠK
|c 1958
|
| 300 |
|
|
|a 1 pohľadnica
|b čiernobiela
|c 15 x 11 cm
|
| 520 |
8 |
|
|a Zobrazenie: Pohľad na muža a ženu v krojoch, stojacich v strede potoka na skalách. Žena nalieva vodu z menšieho vedierka do vedra, ktoré stojí medzi ňou a mužom. V pozadí je potom po oboch brehoch lemovaní kríkmi
|
| 650 |
0 |
7 |
|a ľudové odevy
|2 SNKPH
|9 85297
|
| 650 |
0 |
7 |
|a etnografia
|2 SNKPH
|9 950
|
| 650 |
0 |
7 |
|a potoky
|2 SNKPH
|9 31771
|
| 651 |
|
7 |
|a Belianske Tatry (Slovensko : pohorie)
|2 SNKPHgeo
|9 177592
|
| 651 |
|
7 |
|a Ždiar (Slovensko)
|2 SNKPHgeo
|9 54540
|
| 655 |
|
7 |
|a geografické pohľadnice
|2 SNKPH
|9 70522
|
| 655 |
|
7 |
|a žánrové pohľadnice
|2 SNKPH
|9 70524
|
| 852 |
|
|
|a Slovenská národná knižnica
|
| 958 |
|
|
|a GBN
|
| 958 |
|
|
|a GC
|
| 958 |
|
|
|a OND
|
| 958 |
|
|
|a EUIPO
|
| 999 |
|
|
|c 571997
|d 573927
|
| 952 |
|
|
|a SNK
|b SNK
|y PREZ
|7 0
|p 17A1380973
|o snkSP 119777
|i snkLM 4272/75
|0 0
|1 0
|4 0
|d 2020-03-26
|f 1
|l 0
|r 2026-02-23 14:20:13
|w 2026-02-23
|